|
|
|
|
| LEADER |
00000nam a2200000 a 4500 |
| 001 |
vtls001407527 |
| 003 |
SK-MaSNL |
| 005 |
20260301012320.0 |
| 008 |
240801s2000 xo a ra slo |
| 015 |
|
|
|a SNBA2001/06-02004
|
| 020 |
|
|
|a 8071465976
|
| 035 |
|
|
|a SNK000362183
|
| 035 |
|
|
|a urn:nbn:sk:snk-amkmes
|
| 035 |
|
|
|a urn:nbn:sk:snk-am008ac4
|
| 035 |
|
|
|a 7B28C046-692F-4854-9F4F-6DF4D3206EEB
|
| 040 |
|
|
|a SNK
|b slo
|c SNK
|e AACR2
|
| 041 |
0 |
|
|a slo
|
| 044 |
|
|
|a xo
|c SK
|
| 080 |
|
|
|a 830-3(087.5)
|2 1981
|
| 130 |
1 |
0 |
|a Flori das Füchslein
|l Slovensky
|9 297114
|
| 245 |
0 |
0 |
|a Odvážny Félix
|c [preklad Katarína Halčinová ; básne Rudolf Čižmárik]
|
| 260 |
|
|
|a Bratislava
|b Junior
|c [2000]
|
| 300 |
|
|
|a [89] s.
|b fareb. ilustr.
|c 24 cm
|
| 500 |
|
|
|a Ilustr. na tit. strane, front. a predsádkach
|
| 650 |
0 |
7 |
|a rozprávky o zvieratách nemecké
|2 SNK
|9 297115
|
| 655 |
|
7 |
|a umelecká literatúra
|2 SNK
|9 60405
|
| 700 |
1 |
|
|a Čižmárik, Rudolf,
|d 1949-2008
|4 aut
|9 85590
|
| 700 |
1 |
|
|a Halčinová, Katarína
|4 trl
|9 44087
|
| 730 |
|
|
|t Flori das Füchslein
|9 297116
|
| 852 |
|
|
|a Slovenská národná knižnica
|
| 919 |
|
|
|a 80-7146-597-6
|
| 954 |
|
|
|a beletria cudzojazyčná (svetová)
|2 lita
|
| 958 |
|
|
|a TL
|
| 958 |
|
|
|a UP
|
| 958 |
|
|
|a LX
|
| 958 |
|
|
|a NS
|
| 958 |
|
|
|a DE
|
| 958 |
|
|
|a DB
|
| 968 |
|
|
|b DT
|
| 999 |
|
|
|c 553218
|d 555148
|
| 952 |
|
|
|t P60, <03>, [BOOK], {603}
|a SNK
|b SNK
|y PREZ
|7 0
|p 17A0291381
|o snkSC 104050
|i snkKSP 2646/2001
|0 0
|1 0
|4 0
|d 2001-02-20
|f 1
|l 0
|r 2025-09-25 00:00:00
|w 2026-02-23
|
| 952 |
|
|
|t P60, <04>, [BOOK], {604}
|a SNK
|b SNK
|y VYP
|7 0
|p 17A0291382
|o snkSC 104050 D1
|i snkKSP 2647/2001
|0 0
|1 0
|4 0
|d 2001-02-20
|l 0
|r 2005-01-02 00:00:00
|w 2026-02-23
|